Statistics for Guess the Soccer Players, given their transfer history.

Click here to take the quiz!

General Stats

  • This quiz has been taken 832 times
  • The average score is 8 of 20

Answer Stats

HintAnswer% Correct
Groningen, Eindhoven, Chelsea, Real Madrid, Bayern MunichArjen Robben
79%
Genk, Chelsea, Werder Bremen, Chelsea, Wolfsburg, Manchester CityKevin De Bruyne
78%
Boca Juniors, Corinthians, West Ham, Manchester United, Manchester City, Juventus, Boca JuniorsCarlos Tevez
63%
Cerezo Osaka, Dortmund, Manchester United, DortmundShinji Kagawa
55%
Rouen, Mouscron, Hoffenheim, West Ham, Newcastle, Chelsea, Besiktas Istanbul, Shanghai GreenlandDemba Ba
54%
Basel, Bayern München, Inter Milan, StokeXherdan Shaqiri
52%
Real Madrid, Valencia, Chelsea, Manchester UnitedJuan Mata
51%
Lanceros, River Plate, Porto, Atletico Madrid, AS Monaco, Manchester United, ChelseaRadamel Falcao
46%
Ajax Amsterdam, Hamburg, Real Madrid, Tottenham, Hamburg, Betis SevillaRafael van der Vaart
44%
Chemnitz, Kaiserslautern, Leverkusen, Bayern München, Chelsea, LeverkusenMichael Ballack
41%
River Plate, Parma, Lazio, Inter Milan, Chelsea, AC Milan, Genoa, ParmaHernan Crespo
39%
Cannes, AC Milan, Arsenal, Juventus, Inter Milan, Manchester CityPatrick Vieira
37%
Stuttgart, Bayern München, Fiorentina, Besiktas IstanbulMario Gomez
36%
Mainz, Leverkusen, Chelsea, WolfsburgAndré Schürrle
31%
Ajax Amsterdam, AC Milan, Barcelona, Newcastle, Valencia, Eindhoven, LillePatrick Kluivert
31%
Real Madrid, Osasuna, Getafe, Valencia, Tottenham, VillarrealRoberto Soldado
29%
Herzogenaurach, Mönchengladbach, Bayern Munich, Inter Milan, Bayern Munich, NY MetroStarsLothar Matthäus
25%
Reims, Metz, Marseille, Arsenal, Villarreal, Aston Villa, GoaRobert Pires
25%
Yparanga, Internacional, Mogi Mirim, Santa Cruz, Guarani, Tigres, Werder Bremen, Schalke 04, Besiktas Istanbul, Hamburg, Red Star Belgrade, Grasshoppers Zurich, Duisburg, Metalurh Donezk, Altach, Campinense, Chongqing Lifan, Uerdingen, Oberneuland, Rio Branco, Hassia BingenAilton
7%
Stuttgart, Valencia, Hoffenheim, Sporting Lissabon, Schalke 04, FrankfurtTimo Hildebrand
7%

Score Distribution

Percentile by Number Answered

Percent of People with Each Score

Your Score History

You have not taken this quiz